[Event "Titled Tuesday intern op 16th Apr Late"]
[Site "Chess.com INT"]
[Date "2024.04.16"]
[Round "9"]
[White "Wu, Derek"]
[Black "Romanchuk, Viktor"]
[Result "1-0"]
[WhiteElo "2295"]
[BlackElo "2266"]
[PlyCount "73"]
[EventDate "2024.04.16"]
[EventType "swiss (blitz)"]
[EventRounds "11"]
[EventCountry "USA"]
[SourceTitle "CB17_2024"]
[SourceDate "2024.04.24"]
[SourceVersion "1"]
[SourceVersionDate "2024.04.24"]
[SourceQuality "1"]

1. d4 d5 2. Nf3 Nf6 3. Bf4 c5 4. e3 Nc6 5. Nbd2 cxd4 6. exd4 Bg4 7. h3 Bxf3 8. Nxf3 e6 9. c3 Bd6 10. Bxd6 Qxd6 11. Bd3 0-0 12. 0-0 Rab8 13. Qe2 Qc7 14. Ne5 Nxe5 15. dxe5 Nd7 16. Rae1 Rfd8 17. f4 Nc5 18. Bc2 d4 19. cxd4 Rxd4 20. f5 exf5 21. Bxf5 Re8 22. Qf2 Qd8 23. e6 fxe6 24. Bxe6+ Nxe6 25. Qf7+ Kh8 26. Rxe6 Rg8 27. Qxb7 Rd7 28. Qe4 Rd2 29. Qe5 Qa8 30. Rf2 Rxf2 31. Kxf2 Rf8+ 32. Kg1 Qd8 33. Re7 Qb6+ 34. Kh2 Rg8 35. b3 h6 36. Re6 Qb8 37. Rxh6# 1-0

[Event "Titled Tuesday intern op 16th Jan Late"]
[Site "Chess.com INT"]
[Date "2024.01.16"]
[Round "2"]
[White "Romanchuk, Viktor"]
[Black "Paravyan, David"]
[Result "0-1"]
[WhiteElo "2266"]
[BlackElo "2612"]
[PlyCount "60"]
[EventDate "2024.01.16"]
[EventType "swiss (blitz)"]
[EventRounds "11"]
[EventCountry "USA"]
[SourceTitle "CB04_2024"]
[SourceDate "2023.10.16"]
[SourceVersion "1"]
[SourceVersionDate "2023.10.16"]
[SourceQuality "1"]

1. d4 d5 2. c4 dxc4 3. e3 Nf6 4. Nf3 e6 5. Bxc4 c5 6. 0-0 Nc6 7. Qe2 a6 8. Nc3 b5 9. Bb3 Bb7 10. Rd1 Qc7 11. d5 exd5 12. e4 d4 13. Nd5 Qd8 14. Bf4 Rc8 15. a4 c4 16. axb5 axb5 17. Nxd4 Nxd4 18. Rxd4 Bc5 19. Nc7+ Qxc7 20. Bxc7 Bxd4 21. Bxc4 bxc4 22. Qxc4 0-0 23. Qxd4 Rxc7 24. f3 Rfc8 25. Rd1 h6 26. Rd2 Ba6 27. Kf2 Rb7 28. e5 Nh7 29. b4 Nf8 30. Qd6 Rd7 0-1

[Event "Titled Tuesday intern op 16th Jan Late"]
[Site "Chess.com INT"]
[Date "2024.01.16"]
[Round "8"]
[White "Yedidia, Jonathan"]
[Black "Romanchuk, Viktor"]
[Result "1/2-1/2"]
[WhiteElo "2360"]
[BlackElo "2266"]
[PlyCount "82"]
[EventDate "2024.01.16"]
[EventType "swiss (blitz)"]
[EventRounds "11"]
[EventCountry "USA"]
[SourceTitle "CB04_2024"]
[SourceDate "2023.10.16"]
[SourceVersion "1"]
[SourceVersionDate "2023.10.16"]
[SourceQuality "1"]

1. d4 d5 2. c4 c6 3. cxd5 cxd5 4. Bf4 Nf6 5. e3 Nc6 6. Nc3 Bf5 7. Qb3 Na5 8. Qa4+ Bd7 9. Qc2 Rc8 10. Bd3 e6 11. Nf3 Bb4 12. 0-0 0-0 13. Ne5 a6 14. Bg5 h6 15. Bh4 Bxc3 16. bxc3 Bb5 17. Bxb5 axb5 18. Bxf6 gxf6 19. Ng4 Kg7 20. f4 b4 21. Qf2 f5 22. cxb4 Nc6 23. Ne5 Nxb4 24. Rab1 Nc6 25. Rxb7 Nxe5 26. fxe5 Rc7 27. Rxc7 Qxc7 28. Qh4 Qc3 29. Qf6+ Kh7 30. Qe7 Qxe3+ 31. Kh1 Kg8 32. Qc5 Qe2 33. Rg1 Qxa2 34. g4 f4 35. g5 Qe2 36. gxh6+ Kh7 37. Qxf8 Qf3+ 38. Rg2 Qf1+ 39. Rg1 Qf3+ 40. Rg2 Qf1+ 41. Rg1 Qf3+ 1/2-1/2

[Event "Titled Tuesday intern op 26th Sep Late"]
[Site "Chess.com INT"]
[Date "2023.09.26"]
[Round "4"]
[White "Romanchuk, Viktor"]
[Black "Gonzalez Arredondo, Lazaro A"]
[Result "1-0"]
[WhiteElo "2266"]
[BlackElo "1973"]
[PlyCount "47"]
[EventDate "2023.09.26"]
[EventType "swiss (blitz)"]
[EventRounds "11"]
[EventCountry "USA"]
[SourceTitle "EXT 2024"]
[Source "ChessBase"]
[SourceDate "2023.10.10"]
[SourceVersion "1"]
[SourceVersionDate "2023.10.10"]
[SourceQuality "1"]

1. d4 d5 2. c4 e6 3. Nc3 Nf6 4. Nf3 Be7 5. Bf4 0-0 6. e3 Nbd7 7. cxd5 Nxd5 8. Bg3 Bb4 9. Rc1 c5 10. Bc4 N7f6 11. 0-0 Nxc3 12. bxc3 Ba3 13. Rb1 cxd4 14. cxd4 Bd6 15. Bh4 b6 16. Ne5 Qc7 17. f4 Bxe5 18. fxe5 Qxc4 19. exf6 g6 20. Qf3 Ba6 21. Qf4 Rfc8 22. Qh6 Qxf1+ 23. Rxf1 Bxf1 24. Qg7# 1-0

[Event "Titled Tuesday intern op 13th Jun Late"]
[Site "Chess.com INT"]
[Date "2023.06.13"]
[Round "11"]
[White "Romanchuk, Viktor"]
[Black "Sala, Giulia"]
[Result "1-0"]
[WhiteElo "2266"]
[BlackElo "2013"]
[PlyCount "113"]
[EventDate "2023.06.13"]
[EventType "swiss (blitz)"]
[EventRounds "11"]
[EventCountry "USA"]
[SourceTitle "EXT 2024"]
[Source "ChessBase"]
[SourceDate "2023.10.10"]
[SourceVersion "1"]
[SourceVersionDate "2023.10.10"]
[SourceQuality "1"]

1. d4 e6 2. c4 Nf6 3. Nc3 d5 4. Nf3 Be7 5. Bf4 0-0 6. e3 b6 7. cxd5 Nxd5 8. Nxd5 Qxd5 9. Be2 Bb4+ 10. Nd2 Qxg2 11. Bf3 Bxd2+ 12. Kxd2 Qxf2+ 13. Kc3 c6 14. h4 Ba6 15. Rh2 Qf1 16. Qxf1 Bxf1 17. Rxf1 Nd7 18. h5 Rac8 19. Kc2 c5 20. dxc5 Nxc5 21. Kb1 Nd3 22. Rd2 Nc5 23. Rg1 f6 24. Bd6 Rfd8 25. Rgd1 g5 26. hxg6 hxg6 27. Be7 Rxd2 28. Rxd2 Kf7 29. Bxc5 Rxc5 30. Rd7+ Kf8 31. Rxa7 Rf5 32. Be2 Re5 33. Ra3 g5 34. Kc2 f5 35. Kd2 g4 36. Ke1 Ke7 37. Kf2 Kf6 38. Rb3 Rc5 39. Rxb6 Rc2 40. a4 g3+ 41. Kxg3 Rxe2 42. Kf3 Re1 43. a5 Ra1 44. a6 Ke5 45. b4 Kd5 46. b5 e5 47. Rb7 Ra3 48. a7 f4 49. b6 Rxe3+ 50. Kf2 Ra3 51. Rb8 Ra2+ 52. Kf3 Ra3+ 53. Kg4 f3 54. Kg3 Kc6 55. a8Q+ Rxa8 56. Rxa8 e4 57. Re8 1-0

[Event "Titled Tuesday intern op 09th May Late"]
[Site "Chess.com INT"]
[Date "2023.05.09"]
[Round "11"]
[White "Vargas, Mauricio"]
[Black "Romanchuk, Viktor"]
[Result "0-1"]
[WhiteElo "2035"]
[BlackElo "2266"]
[PlyCount "50"]
[EventDate "2023.05.09"]
[EventType "swiss (blitz)"]
[EventRounds "11"]
[EventCountry "USA"]
[SourceTitle "CBM 214 Extra"]
[Source "ChessBase"]
[SourceDate "2023.07.31"]
[SourceVersion "1"]
[SourceVersionDate "2023.07.31"]
[SourceQuality "1"]

1. e4 c6 2. d4 d5 3. e5 c5 4. c3 Nc6 5. Be3 cxd4 6. cxd4 Bf5 7. Nd2 e6 8. a3 Qb6 9. h4 h6 10. Ngf3 Qxb2 11. Rb1 Bxb1 12. Nxb1 Bxa3 13. Bd3 Bb4+ 14. Nbd2 Nge7 15. 0-0 0-0 16. Bb1 Bxd2 17. Nxd2 Nxd4 18. f4 Ndf5 19. Bc5 Rfc8 20. Bf2 Rc3 21. g4 Ne3 22. Bxe3 Rxe3 23. Kf2 Qd4 24. Kg2 Rc8 25. Rf2 Rcc3 0-1

[Event "Titled Tuesday intern op 04th Apr Late"]
[Site "Chess.com INT"]
[Date "2023.04.04"]
[Round "8"]
[White "Besou, Hussain"]
[Black "Romanchuk, Viktor"]
[Result "0-1"]
[WhiteElo "2332"]
[BlackElo "2266"]
[PlyCount "144"]
[EventDate "2023.04.04"]
[EventType "swiss (blitz)"]
[EventRounds "11"]
[EventCountry "USA"]
[SourceTitle "EXT 2024"]
[Source "ChessBase"]
[SourceDate "2023.10.10"]
[SourceVersion "1"]
[SourceVersionDate "2023.10.10"]
[SourceQuality "1"]

1. e4 c6 2. d4 d5 3. e5 c5 4. dxc5 e6 5. a3 Nc6 6. Nf3 Bxc5 7. b4 Bb6 8. Bb2 Nge7 9. Bd3 Ng6 10. 0-0 Nf4 11. Re1 Nxd3 12. Qxd3 0-0 13. c4 dxc4 14. Qxc4 Bd7 15. Nc3 Ne7 16. Qg4 Bc6 17. Rad1 Qe8 18. Ne4 Bxe4 19. Rxe4 Rd8 20. Rde1 Qa4 21. Qg5 Ng6 22. h4 h6 23. Qg3 Rd1 24. h5 Ne7 25. Nh4 Qc2 26. Rxd1 Qxd1+ 27. Kh2 Qxh5 28. Qh3 Nf5 29. Nxf5 Qxh3+ 30. Kxh3 exf5 31. Rf4 g6 32. g4 fxg4+ 33. Kxg4 Rd8 34. e6 f5+ 35. Kh3 Re8 36. Rh4 h5 37. Rc4 Rxe6 38. Rc8+ Kf7 39. Rb8 Re7 40. Kg3 g5 41. Rh8 h4+ 42. Kf3 Rc7 43. Rh7+ Ke6 44. Rh6+ Kd5 45. Rf6 g4+ 46. Kg2 h3+ 47. Kg3 Ke4 48. Re6+ Kd3 49. Rf6 Rc2 50. Rxf5 Rxb2 51. Kxg4 Rxf2 52. Rh5 h2 53. a4 Be3 54. Kg3 Re2 55. Kf3 Rf2+ 56. Kg3 Rb2 57. Kf3 Bg1 58. Rd5+ Kc4 59. Rh5 Kxb4 60. Rh4+ Ka5 61. Kg3 Rb4 62. Rh5+ Kxa4 63. Kg2 a5 64. Kh1 b5 65. Rg5 Rc4 66. Rg2 b4 67. Rc2 Kb5 68. Rb2 Bc5 69. Kxh2 a4 70. Kg3 a3 71. Ra2 b3 72. Kf3 bxa2 0-1

[Event "Titled Tuesday intern op 04th Apr Late"]
[Site "Chess.com INT"]
[Date "2023.04.04"]
[Round "5"]
[White "Golubev, Mikhail"]
[Black "Romanchuk, Viktor"]
[Result "0-1"]
[WhiteElo "2461"]
[BlackElo "2266"]
[PlyCount "28"]
[EventDate "2023.04.04"]
[EventType "swiss (blitz)"]
[EventRounds "11"]
[EventCountry "USA"]
[SourceTitle "EXT 2024"]
[Source "ChessBase"]
[SourceDate "2023.10.10"]
[SourceVersion "1"]
[SourceVersionDate "2023.10.10"]
[SourceQuality "1"]

1. e4 c6 2. d4 d5 3. e5 c5 4. dxc5 e6 5. Nf3 Bxc5 6. a3 Nc6 7. b4 Bb6 8. Bb2 Nge7 9. Bd3 Ng6 10. 0-0 Nf4 11. c4 0-0 12. c5 Bc7 13. Bc2 d4 14. Nxd4 Nxd4 0-1

[Event "Titled Tuesday intern op 04th Apr Late"]
[Site "Chess.com INT"]
[Date "2023.04.04"]
[Round "6"]
[White "Harriott, Tyrell"]
[Black "Romanchuk, Viktor"]
[Result "1-0"]
[WhiteElo "1889"]
[BlackElo "2266"]
[PlyCount "87"]
[EventDate "2023.04.04"]
[EventType "swiss (blitz)"]
[EventRounds "11"]
[EventCountry "USA"]
[SourceTitle "EXT 2024"]
[Source "ChessBase"]
[SourceDate "2023.10.10"]
[SourceVersion "1"]
[SourceVersionDate "2023.10.10"]
[SourceQuality "1"]

1. d4 d5 2. e3 Nf6 3. Bd3 c5 4. c3 cxd4 5. exd4 Bg4 6. Ne2 e6 7. 0-0 Nc6 8. f4 Bd6 9. Nd2 0-0 10. Nf3 Ne4 11. Bxe4 dxe4 12. Ng5 Ne7 13. Nxe4 Bc7 14. Qe1 b5 15. N2g3 b4 16. Bd2 bxc3 17. Bxc3 Nd5 18. f5 exf5 19. Nxf5 Re8 20. h3 Bxf5 21. Rxf5 Qd7 22. g4 Re6 23. Qe2 Rae8 24. Nc5 Rxe2 25. Nxd7 Ne3 26. Rf2 Nc2 27. Raf1 f6 28. Nc5 Bb6 29. Kg2 Ne3+ 30. Kg1 Nxf1 31. Kxf1 Rxf2+ 32. Kxf2 Kf7 33. a3 g6 34. Kf3 f5 35. gxf5 gxf5 36. Kf4 Kg6 37. b4 Bxc5 38. bxc5 Re4+ 39. Kf3 Kf7 40. d5 Rh4 41. Be5 Rc4 42. c6 Rc5 43. Bb8 Rxd5 44. Bxa7 1-0

[Event "Titled Tuesday intern op 28th Mar Late"]
[Site "Chess.com INT"]
[Date "2023.03.28"]
[Round "11"]
[White "Romanchuk, Viktor"]
[Black "Mendes, Aaron Reeve"]
[Result "1-0"]
[WhiteElo "2266"]
[BlackElo "2067"]
[PlyCount "53"]
[EventDate "2023.03.28"]
[EventType "swiss (blitz)"]
[EventRounds "11"]
[EventCountry "USA"]
[SourceTitle "EXT 2024"]
[Source "ChessBase"]
[SourceDate "2023.10.10"]
[SourceVersion "1"]
[SourceVersionDate "2023.10.10"]
[SourceQuality "1"]

1. d4 d5 2. c4 c6 3. Nc3 dxc4 4. e3 b5 5. a4 Qb6 6. axb5 cxb5 7. b3 cxb3 8. Bxb5+ Bd7 9. Qxb3 e6 10. Nf3 Bd6 11. 0-0 Nf6 12. e4 Bxb5 13. Nxb5 Nxe4 14. Nxd6+ Qxd6 15. Ba3 Qd5 16. Qb4 Nc6 17. Qa4 f6 18. Rfc1 Rc8 19. Rc2 Kf7 20. Rac1 g5 21. Rxc6 Rxc6 22. Qxc6 Qa2 23. Qxe4 Qxa3 24. Rc7+ Kf8 25. Qxe6 Qa1+ 26. Ne1 Qxd4 27. Qf7# 1-0

[Event "Titled Tuesday intern op 7th Mar Late"]
[Site "Chess.com INT"]
[Date "2023.03.07"]
[Round "11"]
[White "Rizzo, Tobias"]
[Black "Romanchuk, Viktor"]
[Result "0-1"]
[WhiteElo "1867"]
[BlackElo "2266"]
[PlyCount "70"]
[EventDate "2023.03.07"]
[EventType "swiss (blitz)"]
[EventRounds "11"]
[EventCountry "USA"]
[SourceTitle "EXT 2024"]
[Source "ChessBase"]
[SourceDate "2023.10.10"]
[SourceVersion "1"]
[SourceVersionDate "2023.10.10"]
[SourceQuality "1"]

1. d4 d5 2. Bf4 Nf6 3. e3 c5 4. Nc3 cxd4 5. exd4 a6 6. Nf3 Nc6 7. Be2 Bg4 8. 0-0 e6 9. Ne5 Bxe2 10. Nxe2 Bd6 11. Re1 0-0 12. c3 Qc7 13. Ng3 b5 14. Qd3 Rab8 15. Nxc6 Qxc6 16. Bxd6 Qxd6 17. a4 b4 18. c4 dxc4 19. Qxc4 Rfc8 20. Qd3 a5 21. Rac1 Qd5 22. Ne2 Qa2 23. Qa6 Rxc1 24. Rxc1 g6 25. Rc8+ Rxc8 26. Qxc8+ Kg7 27. Qc2 b3 28. Qc3 Nd5 29. Qd2 Qxa4 30. g3 Qc4 31. Kf1 a4 32. Ke1 Nb4 33. Nf4 Nc2+ 34. Kd1 Qf1+ 35. Qe1 Qxe1# 0-1

[Event "Titled Tuesday intern op 07th Feb Late"]
[Site "Chess.com INT"]
[Date "2023.02.07"]
[Round "3"]
[White "Melkumyan, Hrant"]
[Black "Romanchuk, Viktor"]
[Result "1-0"]
[WhiteElo "2645"]
[BlackElo "2266"]
[PlyCount "99"]
[EventDate "2023.02.07"]
[EventType "swiss (blitz)"]
[EventRounds "11"]
[EventCountry "USA"]
[SourceTitle "EXT 2024"]
[Source "ChessBase"]
[SourceDate "2023.10.10"]
[SourceVersion "1"]
[SourceVersionDate "2023.10.10"]
[SourceQuality "1"]

1. c4 c6 2. Nf3 d5 3. g3 Nf6 4. Bg2 Bg4 5. Qb3 Qb6 6. Ne5 Be6 7. d3 dxc4 8. Nxc4 Qxb3 9. axb3 Nbd7 10. Na5 0-0-0 11. Be3 a6 12. Nd2 Bd5 13. 0-0 Bxg2 14. Kxg2 Nd5 15. Rfc1 Nxe3+ 16. fxe3 e6 17. Ra4 Nb6 18. Rf4 f6 19. Ndc4 Nd5 20. Rff1 Kc7 21. e4 Ne7 22. Nd2 Nc8 23. Nf3 Bb4 24. Nc4 g6 25. Ne1 Rhf8 26. Nc2 Be7 27. Rcd1 f5 28. e5 Nb6 29. e3 Nd5 30. Kf2 Nb4 31. Nxb4 Bxb4 32. Ke2 Rf7 33. d4 Rfd7 34. Rc1 b5 35. Na3 Kb6 36. Nc2 Be7 37. b4 Ra8 38. Ra1 Rda7 39. Kd3 a5 40. bxa5+ Rxa5 41. Rxa5 Rxa5 42. g4 Ra2 43. gxf5 exf5 44. Kc3 c5 45. d5 c4 46. d6 Bg5 47. Nb4 Ra8 48. Rd1 Bxe3 49. Nd5+ Kc6 50. Nxe3 1-0

[Event "Titled Tuesday intern op 03rd Jan Late"]
[Site "Chess.com INT"]
[Date "2023.01.03"]
[Round "11"]
[White "Romanchuk, Viktor"]
[Black "Dias, Joao Batista de Sou"]
[Result "1-0"]
[WhiteElo "2266"]
[BlackElo "1796"]
[PlyCount "91"]
[EventDate "2023.01.03"]
[EventType "swiss (blitz)"]
[EventRounds "11"]
[EventCountry "USA"]
[SourceTitle "EXT 2024"]
[Source "ChessBase"]
[SourceDate "2023.10.10"]
[SourceVersion "1"]
[SourceVersionDate "2023.10.10"]
[SourceQuality "1"]

1. d4 d5 2. c4 c6 3. Nc3 Nf6 4. e3 g6 5. Nf3 Bg7 6. Be2 0-0 7. 0-0 Re8 8. h3 Nbd7 9. cxd5 cxd5 10. Qb3 Nb6 11. a4 e6 12. a5 Nbd7 13. Bd2 b6 14. axb6 Qxb6 15. Qxb6 Nxb6 16. Nb5 Re7 17. Bb4 Rb7 18. Bc5 Bd7 19. Ne5 Bxb5 20. Bxb5 Rab8 21. Bc6 Rc7 22. Bd6 Rxc6 23. Nxc6 Rb7 24. Rxa7 Rxa7 25. Nxa7 Nc4 26. Ba3 Ne4 27. Nb5 Bf6 28. Rd1 Kg7 29. b3 Na5 30. Rd3 Bh4 31. g3 Bd8 32. Bb4 Nc6 33. Be1 f5 34. Nc3 Nb4 35. Rd1 Kf6 36. Nxe4+ fxe4 37. Bxb4 g5 38. Bd6 Kf7 39. g4 Ke8 40. b4 Kd7 41. Bc5 Kc6 42. Kg2 Kb5 43. Ra1 h6 44. Ra8 Kc4 45. Rxd8 Kd3 46. Re8 1-0

[Event "Titled Tuesday intern op 22nd Nov Late"]
[Site "Chess.com INT"]
[Date "2022.11.22"]
[Round "6"]
[White "Alexikov, Alexander"]
[Black "Romanchuk, Viktor"]
[Result "1/2-1/2"]
[WhiteElo "2223"]
[BlackElo "2266"]
[PlyCount "110"]
[EventDate "2022.11.22"]
[EventType "swiss (blitz)"]
[EventRounds "11"]
[EventCountry "USA"]
[SourceTitle "CBM 211 Extra"]
[Source "ChessBase"]
[SourceDate "2023.01.31"]
[SourceVersion "1"]
[SourceVersionDate "2023.01.31"]
[SourceQuality "1"]

1. e4 e6 2. d4 d5 3. Nc3 dxe4 4. Nxe4 Nd7 5. Nf3 Ngf6 6. Nxf6+ Nxf6 7. Ne5 Nd7 8. Nc4 Be7 9. Bf4 0-0 10. Be2 Nb6 11. Ne5 Nd7 12. Nd3 Bd6 13. 0-0 Bxf4 14. Nxf4 e5 15. dxe5 Nxe5 16. Re1 Bf5 17. Nd5 c6 18. Ne3 Be6 19. b3 Re8 20. c4 Qb6 21. Qc2 Rad8 22. Rad1 Ng6 23. g3 Qc5 24. Rxd8 Rxd8 25. Rd1 Rd4 26. h4 Qd6 27. Rxd4 Qxd4 28. Kg2 Ne5 29. Qd1 Qxd1 30. Nxd1 f6 31. Nc3 Kf8 32. Ne4 Ke7 33. Nc5 Bc8 34. f4 Nf7 35. g4 Nd6 36. Kf3 b6 37. Na4 c5 38. Nc3 Bb7+ 39. Ke3 h6 40. h5 Ke6 41. Bd3 Bc6 42. a4 Bb7 43. Bg6 Bc6 44. Ne2 Nb7 45. Ng3 Nd6 46. Nf5 Nxf5+ 47. Bxf5+ Kd6 48. Bg6 Bg2 49. Bf5 Bh3 50. Kf2 a6 51. Kg1 a5 52. Kf2 Ke7 53. Kg1 Kd6 54. Kf2 Ke7 55. Kg1 Kd6 1/2-1/2

[Event "Titled Tuesday intern op 22nd Nov Late"]
[Site "Chess.com INT"]
[Date "2022.11.22"]
[Round "4"]
[White "Novikova, Galina"]
[Black "Romanchuk, Viktor"]
[Result "0-1"]
[WhiteElo "2073"]
[BlackElo "2266"]
[PlyCount "90"]
[EventDate "2022.11.22"]
[EventType "swiss (blitz)"]
[EventRounds "11"]
[EventCountry "USA"]
[SourceTitle "CBM 211 Extra"]
[Source "ChessBase"]
[SourceDate "2023.01.31"]
[SourceVersion "1"]
[SourceVersionDate "2023.01.31"]
[SourceQuality "1"]

1. e4 c6 2. d4 d5 3. e5 c5 4. c3 Nc6 5. b4 cxb4 6. Bd3 bxc3 7. Nf3 Bg4 8. Be3 e6 9. Nxc3 Bb4 10. Qb3 Qa5 11. Rc1 Nge7 12. Nd2 0-0 13. 0-0 Rac8 14. Ndb1 Nf5 15. Bxf5 Bxf5 16. a3 Be7 17. Qxb7 Rc7 18. Qb2 Rb8 19. Qd2 Qa6 20. Rfd1 Rbc8 21. Ne2 Na5 22. Rxc7 Rxc7 23. Ng3 Nc4 24. Qe1 Bg6 25. h3 h6 26. Rc1 Rc6 27. Nd2 Nxa3 28. Rxc6 Qxc6 29. Nf3 Nc4 30. Qa1 a5 31. h4 a4 32. h5 Bc2 33. Qc3 Bb3 34. Nd2 Qb5 35. Nxc4 Bxc4 36. f4 a3 37. f5 a2 38. f6 gxf6 39. exf6 Bxf6 40. Bxh6 Qb1+ 41. Kh2 a1Q 42. Qf3 Qg1+ 43. Kh3 Qh1+ 44. Nxh1 Qxh1+ 45. Kg3 Qh4# 0-1

[Event "Titled Tuesday intern op 22nd Nov Late"]
[Site "Chess.com INT"]
[Date "2022.11.22"]
[Round "8"]
[White "Romanchuk, Viktor"]
[Black "Graif, William"]
[Result "1-0"]
[WhiteElo "2266"]
[BlackElo "2305"]
[PlyCount "87"]
[EventDate "2022.11.22"]
[EventType "swiss (blitz)"]
[EventRounds "11"]
[EventCountry "USA"]
[SourceTitle "CBM 211 Extra"]
[Source "ChessBase"]
[SourceDate "2023.01.31"]
[SourceVersion "1"]
[SourceVersionDate "2023.01.31"]
[SourceQuality "1"]

1. d4 Nf6 2. c4 e5 3. dxe5 Ng4 4. Bf4 Nc6 5. Nf3 f6 6. exf6 Qxf6 7. Qd2 Bb4 8. Nc3 Bxc3 9. bxc3 0-0 10. e3 d6 11. c5 dxc5 12. Bxc7 Be6 13. Be2 Nce5 14. 0-0 Rf7 15. Bxe5 Nxe5 16. Nxe5 Qxe5 17. f4 Qc7 18. e4 Rd8 19. Qe3 g6 20. a4 b6 21. h3 Rfd7 22. f5 Bf7 23. e5 gxf5 24. e6 Re7 25. exf7+ Rxf7 26. Qf4 Qxf4 27. Rxf4 Re7 28. Bf3 Rd2 29. Rxf5 Re3 30. a5 Rxc3 31. axb6 axb6 32. Ra8+ Kg7 33. Ra7+ Kg6 34. Re5 Rc1+ 35. Kh2 c4 36. Re6+ Kf5 37. Rxb6 c3 38. Rc6 c2 39. Rac7 Kf4 40. Rc4+ Ke3 41. Kg3 Kd3 42. Be4+ Ke3 43. Bxh7 Rg1 44. Be4 1-0

[Event "Titled Tuesday intern op 22nd Nov Late"]
[Site "Chess.com INT"]
[Date "2022.11.22"]
[Round "11"]
[White "Romanchuk, Viktor"]
[Black "Musovic, Armin"]
[Result "1-0"]
[WhiteElo "2266"]
[BlackElo "2276"]
[PlyCount "157"]
[EventDate "2022.11.22"]
[EventType "swiss (blitz)"]
[EventRounds "11"]
[EventCountry "USA"]
[SourceTitle "CBM 211 Extra"]
[Source "ChessBase"]
[SourceDate "2023.01.31"]
[SourceVersion "1"]
[SourceVersionDate "2023.01.31"]
[SourceQuality "1"]

1. d4 d5 2. c4 c5 3. cxd5 e6 4. dxe6 Bxe6 5. Nf3 Nc6 6. e3 a6 7. Nc3 Nf6 8. Be2 Be7 9. 0-0 0-0 10. dxc5 Qa5 11. a3 Qxc5 12. Bd2 Rfd8 13. Rc1 Qf5 14. Qc2 Qg4 15. Ne5 Qh4 16. Nxc6 bxc6 17. Be1 Bd6 18. f4 Qh6 19. Ne4 Nd5 20. Bf2 Bf5 21. Bf3 Rac8 22. Qa4 Bb8 23. Qxa6 Re8 24. Ng3 Be6 25. Rxc6 Rcd8 26. f5 Ne7 27. fxe6 Nxc6 28. exf7+ Kxf7 29. Qxc6 Kg8 30. Qxh6 gxh6 31. e4 Be5 32. b3 Rd3 33. Be2 Rc3 34. Bc4+ Kh8 35. Nf5 Bf4 36. Bd4+ Be5 37. Bxc3 Bxc3 38. g3 Rxe4 39. Kg2 Bd2 40. a4 h5 41. Rd1 Ba5 42. Rd5 Bc7 43. Rd7 Ba5 44. Ra7 Bd8 45. Ra8 Re8 46. a5 h6 47. a6 Kh7 48. a7 h4 49. gxh4 h5 50. Kf3 Rf8 51. Ke4 Kg6 52. Nd6 Kf6 53. Kd5 Ke7 54. Rb8 Rf1 55. a8Q Rd1+ 56. Kc5 Rxd6 57. Rxd8 Rxd8 58. Qxd8+ Kxd8 59. Be2 Ke7 60. Bxh5 Kf6 61. Bg4 Kg7 62. h3 Kh6 63. b4 Kg7 64. b5 Kf6 65. Kc6 Ke5 66. Kc7 Kf4 67. b6 Kg3 68. b7 Kxh4 69. b8Q Kg3 70. Qh8 Kf4 71. Qh5 Kg3 72. h4 Kf4 73. Qg5+ Kg3 74. h5 Kf2 75. h6 Ke1 76. h7 Kf2 77. h8Q Kg3 78. Qh3+ Kf2 79. Qge3# 1-0

[Event "Titled Tuesday intern op 22nd Nov Late"]
[Site "Chess.com INT"]
[Date "2022.11.22"]
[Round "7"]
[White "Romanchuk, Viktor"]
[Black "Prydun, Andriy"]
[Result "1-0"]
[WhiteElo "2266"]
[BlackElo "2134"]
[PlyCount "127"]
[EventDate "2022.11.22"]
[EventType "swiss (blitz)"]
[EventRounds "11"]
[EventCountry "USA"]
[SourceTitle "CBM 211 Extra"]
[Source "ChessBase"]
[SourceDate "2023.01.31"]
[SourceVersion "1"]
[SourceVersionDate "2023.01.31"]
[SourceQuality "1"]

1. d4 Nf6 2. c4 e6 3. Nc3 Bb4 4. e3 0-0 5. Nge2 d5 6. a3 Be7 7. cxd5 exd5 8. Nf4 c6 9. Bd3 Nbd7 10. 0-0 Re8 11. f3 Bd6 12. e4 dxe4 13. fxe4 Qb6 14. Bc2 Be5 15. Nfe2 Bb8 16. Kh1 Nf8 17. e5 Nd5 18. Nxd5 cxd5 19. Nf4 Be6 20. Qf3 Qc6 21. Bb3 Rd8 22. Be3 a6 23. Rac1 Qd7 24. Rf2 Ba7 25. Rcf1 Rac8 26. Bc2 Ng6 27. Nxe6 fxe6 28. Qg4 Rf8 29. Bxg6 Rxf2 30. Bxh7+ Kxh7 31. Rxf2 Kg8 32. h3 Rf8 33. Rxf8+ Kxf8 34. Kh2 Bb6 35. Kg3 Qf7 36. Qf3 Ke7 37. Qxf7+ Kxf7 38. Kg4 Ba5 39. a4 b5 40. axb5 axb5 41. b3 Bb4 42. h4 Be7 43. h5 Bf8 44. Bg5 Bb4 45. Kf3 Bc3 46. Be3 Bb4 47. g4 Bf8 48. Bd2 Be7 49. g5 Bf8 50. g6+ Kg8 51. Bg5 Bb4 52. Ke3 Be1 53. Kd3 Ba5 54. Bd2 Bd8 55. Bb4 Bh4 56. Bc5 Be1 57. Ke2 Ba5 58. Be7 Bc3 59. Kd3 Be1 60. Bd6 Ba5 61. Ba3 Bd8 62. Bc1 Ba5 63. Bd2 Bc7 64. h6 1-0